QUEST Central Library Banner

Reflections on Islam (Record no. 65193)

MARC details
000 -LEADER
fixed length control field 00214nam a22001097a 4500
082 ## - DEWEY DECIMAL CLASSIFICATION NUMBER
Classification number 297HAM
100 ## - MAIN ENTRY--AUTHOR NAME
Personal name Hamood- Ur - Rehman
245 ## - TITLE STATEMENT
Title Reflections on Islam
260 ## - PUBLICATION, DISTRIBUTION, ETC. (IMPRINT)
Place of publication Lahore
300 ## - PHYSICAL DESCRIPTION
Number of Pages 280p
942 ## - ADDED ENTRY ELEMENTS (KOHA)
Koha item type Books
Holdings
Withdrawn status Lost status Collection code Home library Current library Date acquired Full call number Accession Number Koha item type
    Reference Reference Section Reference Section 09/07/2019 297HAM (Shelf - 18D) R11811 Books

Copyright © 2018,The QUEST, Nawabshah, Shaheed Benazirabad. All rights reserved
Mr. G. Farooq Channar (Librarian) QUEST, Nawabshah, Sindh, Pakistan 67480.
 Ph#: |   0244-9370381-4 Ext. 2308   Email| lib@quest.edu.pk   Web|  http://www.quest.edu.pk